|
|
|
|
| LEADER |
00996nam a22002411 4500 |
| 001 |
c000325366 |
| 003 |
CARM |
| 005 |
00000000000000.0 |
| 008 |
710521s1962 enkac 00010aeng |
| 010 |
|
|
|a 68128833 //r982
|
| 019 |
1 |
|
|a 8125771
|z 23503334
|z 21812302
|z 717854
|5 LACONCORD2021
|
| 035 |
|
|
|a (OCoLC)465502
|5 LACONCORD2021
|
| 050 |
0 |
0 |
|a GV1785.N8
|b A3 1962
|
| 100 |
1 |
|
|a Nureyev, Rudolf,
|d 1938-
|
| 245 |
0 |
0 |
|a Nureyev;
|b an autobiography with pictures,
|c by Rudolf Nureyev. Edited by Alexander Bland.
|
| 260 |
|
|
|a [London]
|b Hodder & Stoughton
|c [1962]
|
| 300 |
|
|
|a 127 p.
|b illus., ports.
|c 25 cm.
|
| 500 |
|
|
|a On spine: The autobiography of Rudolf Nureyev.
|
| 600 |
1 |
0 |
|a Nureyev, Rudolf,
|d 1938-
|
| 650 |
|
0 |
|a Ballet dancers
|z Russia (Federation)
|x Biography.
|
| 852 |
8 |
|
|b CARM
|h A1:AN03F0
|i C09625
|p 0410978
|f BK
|
| 999 |
f |
f |
|i d40daff0-0f5f-549f-b4ba-140014183471
|s 6e214271-d9d0-5677-86a8-aea2533d881d
|
| 952 |
f |
f |
|p Can circulate
|a CAVAL
|b CAVAL
|c CAVAL
|d CARM 1 Store
|e C09625
|f A1:AN03F0
|h Other scheme
|i book
|m 0410978
|